Феофана Прокоповича архиепископа Великаго Новаграда и Великих Лук, Святейшаго правительствующаго синода вицепрезидента, а потом первенствующаго члена Слова и речи поучительныя, похвальныя и поздравительныя собранныя и некоторыя вторым тиснением, а другия вновь напечатанныя. Ч.3 (Запись № 13475312)
[ простой вид ]
| 000 -МАРКЕР | |
|---|---|
| контрольное поле | 03508nam2a22003011 4500 |
| 001 - ИДЕНТИФИКАТОР ЗАПИСИ | |
| контрольное поле | RU\NLR\A1\23382 |
| 005 - ИДЕНТИФИКАТОР ВЕРСИИ | |
| контрольное поле | 20251203152403.2 |
| 035 ## - ДРУГИЕ СИСТЕМНЫЕ НОМЕРА | |
| Идентификатор записи | (NLR Aleph) 009677843 |
| 100 ## - ДАННЫЕ ОБЩЕЙ ОБРАБОТКИ | |
| Данные общей обработки | 19990917d1765 m y0rusy50 ca |
| 101 0# - ЯЗЫК РЕСУРСА | |
| Язык текста, звукозаписи и т.д. | русский |
| 105 ## - ПОЛЕ КОДИРОВАННЫХ ДАННЫХ: ТЕКСТОВЫЕ МАТЕРИАЛЫ, МОНОГРАФИЧЕСКИЕ | |
| Кодированные данные о монографическом текстовом документе | y z 000yy |
| 200 0# - ЗАГЛАВИЕ И СВЕДЕНИЯ ОБ ОТВЕТСТВЕННОСТИ | |
| Основное заглавие | Ч.3 |
| 210 ## - ПУБЛИКАЦИЯ, РАСПРОСТРАНЕНИЕ И ДР. | |
| Дата издания, распространения и т.д. | 1765 |
| 215 ## - ФИЗИЧЕСКАЯ ХАРАКТЕРИСТИКА | |
| Специфическое обозначение материала и объем | [4], 352, [3] с. |
| 316 ## - ПРИМЕЧАНИЯ ОБ ОСОБЕННОСТЯХ ЭКЗЕМПЛЯРА | |
| Текст примечания | Экз. РНБ (18.95.3.32-3) имеет паг.: [8], 352 с. В реставр. кожаном коричневом пер., с новыми кожаными корешком и уголками. Сохранены старые левый форзац и правый нахзац из бумаги «павлинье перо». Корешок с 5-ю бинтами, черной кожаной наклейкой, на которой золотого тиснения загл.: «Слова и речи». На нижней крышке пер. экслибрис русского фонда ГПБ с шифром. Обрез крапчатый. На форзаце ярлык с шифром РНБ и старый ярлык. На тит. л., с.35 и 352 круглый штамп ГПБ. Также на тит. л. штамп экслибрис Имп. публ. б-ки с буквами И.П.Б. |
| Организация и экземпляр, к которому относится поле | NLR: 18.95.3.32-3 |
| 316 ## - ПРИМЕЧАНИЯ ОБ ОСОБЕННОСТЯХ ЭКЗЕМПЛЯРА | |
| Текст примечания | Экз. РНБ (140/543 (ч.3)) в одном пер. с ч.1-2. Паг.: [8], 352 с. |
| Организация и экземпляр, к которому относится поле | NLR: 140/543 (ч.3) |
| 317 ## - ПРИМЕЧАНИЯ О ПРОИСХОЖДЕНИИ ЭКЗЕМПЛЯРА | |
| Текст примечания | Экз. РНБ (18.95.3.32-3) с экслибрисом Эрмитаж. б-ки (Богомолов 17894) на форзаце поверх др. экслибриса и гербовым экслибрисом А.Д.Ланского |
| Организация и экземпляр, к которому относится поле | NLR: 18.95.3.32-3 |
| 461 #1 - УРОВЕНЬ НАБОРА | |
| Встроенное поле | 001RU\NLR\A1\23379 |
| -- | 2001#$aФеофана Прокоповича архиепископа Великаго Новаграда и Великих Лук, Святейшаго правительствующаго синода вицепрезидента, а потом первенствующаго члена Слова и речи поучительныя, похвальныя и поздравительныя собранныя и некоторыя вторым тиснением, а другия вновь напечатанныя. |
| -- | 700#0$aФеофан$cПрокопович, Елеазар$cархиепископ$f1681-1736$3RU\NLR\AUTH\77117375$4070 |
| Системный номер (АБИС) связанной записи | 9690365 |
| Автор | Феофан (Прокопович, Елеазар ; 1681-1736) |
| Место публикации | В Санктпетербурге |
| Дата публикации | 1760-1774 |
| Имя издателя, распространителя и т.д. | При Сухопутном шляхетном кадетском корпусе |
| Заглавие | Феофана Прокоповича архиепископа Великаго Новаграда и Великих Лук, Святейшаго правительствующаго синода вицепрезидента, а потом первенствующаго члена Слова и речи поучительныя, похвальныя и поздравительныя собранныя и некоторыя вторым тиснением, а другия вновь напечатанныя. |
| 482 #0 - ПРИПЛЕТЕНО К | |
| Встроенное поле | 001RU\NLR\A1\23380 |
| -- | 2000#$aЧ.1 |
| Системный номер (АБИС) связанной записи | 13475310 |
| Дата публикации | 1760 |
| Физическая характеристика | [8], 268, [12] с., [1] л. фронт. |
| Заглавие | Ч.1 |
| 702 #1 - ИМЯ ЛИЦА - ВТОРИЧНАЯ ОТВЕТСТВЕННОСТЬ | |
| Код отношения | Бывший владелец |
| Графика поля | Кириллица |
| Материалы, к которым относится поле | rus |
| Начальный элемент ввода | Ланской |
| Часть имени, кроме начального элемента ввода | А. Д. |
| Даты | 1758-1784 |
| Расширение инициалов личного имени | Александр Дмитриевич |
| Системный номер авторитетной/нормативной записи | 242319 |
| Идентификатор авторитетной/нормативной записи | RU\NLR\AUTH\770242375 |
| 801 #0 - ИСТОЧНИК ЗАПИСИ | |
| Страна | российская федерация |
| Организация | NLR |
| Дата составления | 19990917 |
| 852 ## - МЕСТОНАХОЖДЕНИЕ И ШИФР ХРАНЕНИЯ | |
| Идентификатор организации | NLR |
| Шифр хранения (Call Number) | 18.95.3.32-3 |
| 852 ## - МЕСТОНАХОЖДЕНИЕ И ШИФР ХРАНЕНИЯ | |
| Идентификатор организации | NLR |
| Шифр хранения (Call Number) | 140/543 (ч.3) |
| 942 ## - ДОПОЛНИТЕЛЬНЫЕ ЭЛЕМЕНТЫ ЗАПИСИ (АБИС) | |
| Тип экземпляра АБИС | Книга |
| 980 ## - КОЛЛЕКЦИЯ | |
| Название коллекции | Русская книга гражданской печати XVIII в. в библиотеках РФ |
| 980 ## - КОЛЛЕКЦИЯ | |
| Название коллекции | Национальная библиография |
Нет доступных экземпляров.